000 00512nam a22001697a 4500
008 150408b xxu||||| |||| 00| 0 eng d
020 _a98486039
050 _aLB1739.U58P467
100 _aUNISA
_916957
245 _aPersonality theories
_c/by UNISA
260 _aPretoria
_bUniversity of South Africa
_c2009
300 _avii,242p. ;
_c30cm.
650 _aTeacher training
_xManuals
_916958
650 _aPersonality
_xtheory
_916981
700 _aRapmund, Val [et al]
_916982
942 _2lcc
_cMONOGRAPH
999 _c122597
_d122597